000 00375nam a22001697a 4500
005 20160630164502.0
008 160630b xxu||||| |||| 00| 0 eng d
020 _a0-07-46200-8
041 _aeng
082 _b20114
100 _aSen PC
_93332
245 _aPower Electronic
260 _bTMH
_c2004
300 _a1017
650 _aDiploma Engineering
_9817
942 _cBK
999 _c4977
_d4975